| 000 | 01511nam a22002657a 4500 | ||
|---|---|---|---|
| 001 | 19502 | ||
| 003 | CO-MdFUSB | ||
| 005 | 20190202100327.0 | ||
| 008 | 170512t1960 e ||||| |||| 00| 0 eng d | ||
| 040 |
_aCO-MdFUSB _bspa _cCO-MdFUSB _dCO-MdFUSBC _erda |
||
| 041 | _aeng | ||
| 082 | 0 | 4 | _aG 220.5203 M11b |
| 100 | 1 | _aMcCulloch, Joseph., (Editor) | |
| 245 | 1 | 0 |
_aBetween God and man _b: The essential Bible _c / Edited and arranged in the authorized version by Joseph McCulloch |
| 264 | 4 |
_aLondon : _b Hutchinson, _c©1960 |
|
| 300 | _a591 páginas | ||
| 336 |
_2rdacontent _a1 _ba1 |
||
| 337 |
_2rdamedia _a2 _b5 |
||
| 338 |
_2rdacarrier _a2 _b5 |
||
| 501 | _aPasta dura | ||
| 505 | 0 | 0 | _aEl prólogo - Los padres de Israel - Cómo Israel entró en Egipto - Moisés el liberador - Israel en el desierto - La tierra prometida - Los días de los jueces - El rey Saúl - La estirpe de David - El reino dividido - La voz de los profetas - Al lado de los aguas de Babilonia - El regreso - Las canciones de Sion - La sabiduría del judío - La paciencia de Job - La recompensa de los piadosos - La lucha de los santos - La esperanza de los justos - La venida de Jesús - El reino de Dios está cerca - El camino a Calvario - Las escrituras cumplidas - Los primeros cristianos - Decirle al mundo - El prisionero del Señor - Construyendo la iglesia - La vida cristiana - El nuevo Jerusalén - El testimonio del anciano - El último evangelio |
| 650 | 0 |
_aBiblia _916 |
|
| 653 | _aVersiones de la Biblia | ||
| 942 | _cBK | ||
| 999 |
_c45866 _d45866 |
||